Communicating in interpersonal relationships

Bibliographic Details
Main Author: Goss, Blaine (Author)
Format: Book
Language:Undetermined
PhysicalDescription:324 s.
Published: New York Macmillan 1988

MARC

LEADER 00000nam a2200000 a 4500
001 vtls001351986
003 SK-MaSNL
005 20260302000129.0
008 240318s1988 xx 0 und
035 |a SNK000305359 
040 |a SNK  |b slo  |c SNK  |e AACR2 
100 1 |a Goss, Blaine  |4 aut  |9 634282 
245 1 0 |a Communicating in interpersonal relationships 
260 |a New York  |b Macmillan  |c 1988 
300 |a 324 s. 
958 |a OND 
999 |c 978125  |d 980055 
952 |t P60, <04>, [BOOK], {604}  |a SNK  |b SNK  |y VYP  |7 0  |p 17A0176605  |o snkIC 109593  |0 0  |1 0  |4 0  |d 1999-01-08  |l 0  |r 2005-01-02 00:00:00  |w 2026-02-24